Oculoplastic and reconstructive surgery (Record no. 32248)

MARC details
000 -LEADER
fixed length control field 00755nam a2200193 a 4500
008 - FIXED-LENGTH DATA ELEMENTS--GENERAL INFORMATION
fixed length control field 191129s2008 xx |||||||||||||| || u
020 ## - INTERNATIONAL STANDARD BOOK NUMBER
International Standard Book Number 9780323053860
050 ## - LIBRARY OF CONGRESS CALL NUMBER
Classification number RE 87 Ner
100 ## - MAIN ENTRY--PERSONAL NAME
Personal name Carter, Keith D
245 10 - TITLE STATEMENT
Title Oculoplastic and reconstructive surgery
Statement of responsibility, etc. by Jeffrey A. Nerad ; Keith D. Carter ; Mark Alford ;
260 ## - PUBLICATION, DISTRIBUTION, ETC.
Place of publication, distribution, etc.
Name of publisher, distributor, etc. Mosby Elsevier
Date of publication, distribution, etc. 2008
300 ## - PHYSICAL DESCRIPTION
Extent xi, 276 pages : illustrations
350 ## -
-- 92.75
490 ## -
-- Rapid diagnosis in ophthalmology
650 ## - SUBJECT ADDED ENTRY--TOPICAL TERM
Topical term or geographic name entry element OPTHALMIC PLASTIC SURGERY
700 ## - ADDED ENTRY--PERSONAL NAME
Personal name Nerad, Jeffrey A
700 ## - ADDED ENTRY--PERSONAL NAME
Personal name Alford, Mark
995 ## -
-- MEDICAL LIBRARY OPEN ACCESS
-- 904618
-- CBU-SCHOOL OF MEDICINE LIBRARY (Ndola)
-- 92.75
-- RE 87 Ner
-- 1
-- AVAILABLE
-- Dec 13, 2019
-- 904618
-- Medical Library Open Access Collection
999 ## -
-- 32248
-- 32248
Holdings
Withdrawn status Lost status Source of classification or shelving scheme Damaged status Not for loan Permanent Location Current Location Shelving location Date acquired Total Checkouts Full call number Barcode Date last seen Price effective from Koha item type
          CBU-SCHOOL OF MEDICINE LIBRARY, NDOLA. CBU-SCHOOL OF MEDICINE LIBRARY, NDOLA.   11/30/2022   RE 87 Ner 904618 11/30/2022 11/30/2022 MONOGRAPH